000 00433nab a2200145Ia 4500
003 ES-SlBCS
005 20210601132847.0
008 140529s1956 xxu||||| |||| 00| 0 ita d
041 _aita
100 1 _aCapizzi, Antonio
_9199125
245 0 0 _aL'uno e i Molti nel pensiero di Plotino
_c Antonio Capizzi
600 0 4 _aPlotino
_914921
773 0 _tGiornali di Metafisica
_gvol. 11, nº. 1, 1956, págs. 86-120
_w0017-0372
942 _cAR
999 _c586784
_d586784